Celebrities #3 - Statistics

General Stats
  • This quiz has been taken 45 times
  • The average score is 8 of 16
Answer Stats
Picture Answer % Correct
Tom Hanks
93%
Zendaya
82%
Justin Timberlake
73%
Nicole Kidman
73%
Beyonce
71%
Jessica Alba
60%
Tom Hiddleston
58%
Matthew Mcconaughey
51%
Blake Lively
49%
Ewan Mcgregor
49%
Tom Hardy
49%
Isla Fisher
40%
Kaley Cuoco
29%
Josh Gad
27%
Taika Waititi
24%
Tessa Thompson
16%
No matching quizzes found
Score Distribution
Percent of People with Each Score
Percentile by Number Answered
Your Score History
You have not taken this quiz